000 00862cam a22003013a 4500
001 28918
003 PGUSA
005 20140828083627.0
008 090501s2009||||xxu|||||s|||||000 1 eng d
040 _aPGUSA
_beng
042 _adc
050 4 _aPQ
100 1 _aVerne, Jules,
_d1828-1905
245 1 0 _aFrom the Earth to the Moon
_h[electronic resource] /
_cJules Verne
260 _bProject Gutenberg,
_c2009
506 _aPublic domain in the USA.
516 _aElectronic text
653 _aMoon -- Fiction
653 _aSpace flight to the moon -- Fiction
653 _aScience fiction
653 _aSpace ships -- Fiction
653 _aManned space flight -- Fiction
700 1 _aMercier, Lewis Page
700 1 _aKing, Eleanor E.
830 0 _aProject Gutenberg
_v28918
856 4 0 _uhttp://www.gutenberg.org/ebooks/28918
942 _cEB
999 _c258173
_d258173